000 00882nam a2200181 a 4500
008 120416s1995 ||||||||||||||||| || u
020 _a8120311388
050 _aTS 181 Nar
100 _aNarasimhan, S. L
245 1 0 _aProduction planning and inventory control
250 _a2nd ed.
260 _aNew Delhi
_bPrentice-Hall of India
_c1995
350 _a0.00
700 _aBillington, P. J
995 _aMAIN LIBRARY OPEN ACCESS
_D0.00
_e732165
_FCBU-MAIN LIBRARY (Kitwe)
_H1
_I45.00
_jTS 181 Nar
_M1
_UAVAILABLE
_y44589
_ZMain Library Open Access Collection
995 _aANNEX COLLECTION (Main Library)
_D0.00
_e732166
_FCBU-MAIN LIBRARY (Kitwe)
_H3
_I45.00
_jTS 181 Nar
_M3
_UAVAILABLE
_WApr 3, 2007
_y44592
_ZAnnex Low-Usage Collection
995 _aMAIN LIBRARY OPEN ACCESS
_D0.00
_e732164
_FCBU-MAIN LIBRARY (Kitwe)
_H2
_I45.00
_jTS 181 Nar
_M2
_UAVAILABLE
_y44590
_ZMain Library Open Access Collection
999 _c77239
_d77239